• 首页
  • 本馆介绍
  • 公告通知
  • 最新文献
  • 馆藏检索
  • 电子资源
  • 读者导购
  • 参考咨询
  • 我的图书馆
  • 登录
  • 详细信息显示
  • 放入我的书架
  • 预约/预借图书
  • 作者相关作品
  • 分类相关作品
  • 丛书相关作品
  • 出版社相关作品

书目信息

  • 表格格式
  • 工作单格式
  • 卡片格式
题名:
幸福在哪里
    
 
作者: 慕容引刀 著
分册:  
出版信息: 上海   上海人民出版社  2010
页数: 137页
开本: 20cm
丛书名:
单 册:
中图分类: J228.2
科图分类:
主题词: 漫画--作品集--中国--现代 , 漫画 , 作品集
电子资源:
ISBN: 978-7-208-09514-4
000 00663nam0 2200241 45
001 1130178937
005 20110309143530.90
010    @a978-7-208-09514-4@dCNY25.00
100    @a20110107d2010 ekmy0chiy0120 ea
101 0  @achi
102    @aCN@b310000
105    @aa z 000yy
106    @ar
200 1  @a幸福在哪里@AXing Fu Zai Na Li@f慕容引刀著@FMu Rong Yin Dao Zhu
210    @a上海@c上海人民出版社@d2010
215    @a137页@c图@d20cm
606 0  @a漫画@x作品集@y中国@z现代
606 0  @a漫画
606 0  @a作品集
690    @aJ228.2@v4
701  0 @a慕容引刀@AMu Rong Yin Dao@4著
801  0 @aCN@bTANGWEI@c20110309
905    @b0530184-88@dJ228.2@e268@f5
    
    幸福在哪里/慕容引刀著.-上海:上海人民出版社,2010
    137页:图;20cm
    
    
    ISBN 978-7-208-09514-4:CNY25.00
    
●
相关链接 在E读中查询图书 在五车中查询图书 在当当中查询图书 在豆瓣中查询图书


正题名:幸福在哪里     索取号:J228.2/268         预约/预借

序号 登录号 条形码 馆藏地/架位号 状态 备注
1 0530184   205301840   第一样本阅览室/ [索取号:J228.2/268] 在馆    
2 0530185   205301859   第一借阅区/ [索取号:J228.2/268] 在馆    
3 0530186   205301868   第一借阅区/ [索取号:J228.2/268] 在馆    
4 0530187   205301877   第一借阅区/ [索取号:J228.2/268] 在馆    
5 0530188   205301886   第一借阅区/ [索取号:J228.2/268] 在馆    
唐山师范学院图书馆 欢迎您!
大连网信软件有限公司© 版权所有